[Event "66. BEM 2012"]
[Site "Dortmund"]
[Date "2012.02.28"]
[Round "2.5"]
[White "Zelt, Jens"]
[Black "Sonntag, Joachim"]
[Result "1/2-1/2"]
[WhiteElo "1993"]
[BlackElo "1752"]
[Annotator "P. Schulenburg"]
[PlyCount "164"]
[EventDate "2012.??.??"]
[Source "SG Dortmund"]
[SourceDate "2004.12.16"]

1. d4 d5 2. e3 Nf6 3. Bd3 e6 4. Nd2 b6 5. Qe2 c5 6. c3 Qc7 7. Ngf3 Bd6 8. h3
O-O 9. O-O Nc6 10. Re1 e5 11. dxe5 Nxe5 12. Nxe5 Bxe5 13. Nf3 Bd6 14. c4 Re8
15. b3 Bb7 16. Bb2 d4 17. Qd1 dxe3 18. Rxe3 Rxe3 19. fxe3 Ne4 20. Qc2 Re8 21.
Rd1 Qe7 22. Bc1 Bg3 23. Bxe4 Bxe4 24. Qe2 Bc6 25. Bd2 f5 26. Be1 Bf4 27. Bf2
Bxe3 28. Bxe3 f4 29. Rd3 fxe3 30. Ne1 b5 31. Nc2 Qg5 32. Rxe3 Rxe3 33. Nxe3 Qe5
34. cxb5 Bxb5 35. Qf3 h6 36. Ng4 Qd4+ 37. Kh2 c4 38. bxc4 Bxc4 39. a3 Bd5 40.
Qg3 Kh7 41. Ne5 Qe4 42. Nd7 Qf5 43. Ne5 Be4 44. Ng4 a5 45. Ne3 Qe6 46. Qf4 Bg6
47. Ng4 Bc2 48. Qc7 Ba4 49. Qxa5 Qd6+ 50. Qe5 Qxa3 51. Qf5+ Kh8 52. Qc8+ Kh7
53. Qe6 Bb3 54. Qd7 Kh8 55. Qd8+ Bg8 56. Ne5 Qe3 57. Ng6+ Kh7 58. Qd6 Qe4 59.
Nf4 Qf5 60. Ne2 Bf7 61. Ng3 Qf6 62. Qxf6 gxf6 {(=)} 63. Nf5 Kg6 64. Ne7+ Kg5
65. Kg3 h5 66. h4+ Kh6 67. Kf4 Be6 68. Ke4 Kg7 69. Nf5+ Kf7 70. Ne3 Kg6 71. Nf1
Kf7 72. Nd2 Kg6 73. Nf3 Bc8 74. Kf4 Bd7 75. g3 Be6 76. Nd4 Bc8 77. Ke3 Bd7 78.
Ne2 Kf5 79. Nf4 Kg4 80. Kf2 Be8 81. Nd5 Kf5 82. Ke3 Bf7 {und Schwarz
reklamierte mit seinem letzten Zug ein Remis nach Artikel 10.2. Der
Reklamation wurde stattgegeben.} 1/2-1/2

[Event "66. BEM 2012"]
[Site "Dortmund"]
[Date "2012.02.28"]
[Round "2.6"]
[White "Cogan, Leonid"]
[Black "Kropp, Andreas"]
[Result "0-1"]
[WhiteElo "1748"]
[BlackElo "1940"]
[Annotator "P. Schulenburg"]
[PlyCount "84"]
[EventDate "2012.??.??"]
[Source "SG Dortmund"]
[SourceDate "2004.12.16"]

1. e4 c5 2. Nf3 e6 3. d4 cxd4 4. Nxd4 Nf6 5. Nc3 d6 6. h3 Nc6 7. Nde2 b5 8. a3
Be7 9. g4 Rb8 10. Bg2 h5 11. g5 Nd7 12. h4 Qc7 13. Ng3 g6 14. f4 a5 15. O-O O-O
16. Nxh5 gxh5 17. Qxh5 Qb6+ 18. Kh2 Qd4 19. Rf3 Qg7 20. Be3 Qg6 21. Qg4 Nf6 22.
Qh3 Nxe4 23. Nxe4 Qxe4 24. h5 Qf5 25. Qh4 e5 26. Raf1 Nd4 27. Rg3 Qxc2 28. Bxd4
exd4 29. Rgf3 Bb7 30. R3f2 Qf5 31. Bh3 Qe4 32. Bg2 Qe3 33. Bxb7 Rxb7 34. Rf3
Qe4 35. Qg4 Rc7 36. g6 f5 37. Qg3 Rc2+ 38. Kh3 Kg7 39. Re1 Re2 40. Rc1 Re3 41.
Rcf1 Rh8 42. Rxe3 Rxh5+ 0-1

[Event "66. BEM 2012"]
[Site "Dortmund"]
[Date "2012.02.28"]
[Round "2.7"]
[White "Simon, Thomas"]
[Black "Schultz, Bernfried"]
[Result "1/2-1/2"]
[WhiteElo "1904"]
[BlackElo "1739"]
[Annotator "P. Schulenburg"]
[PlyCount "146"]
[EventDate "2012.??.??"]
[Source "SG Dortmund"]
[SourceDate "2004.12.16"]

1. Nf3 Nf6 2. g3 e6 3. Bg2 d5 4. c4 Be7 5. O-O O-O 6. d4 dxc4 7. Qa4 a6 8. Qxc4
b5 9. Qc2 Bb7 10. Bg5 Nbd7 11. Rd1 Be4 12. Qc1 Rc8 13. Bxf6 Bxf6 14. Nbd2 Bb7
15. Nb3 Qe7 16. Qc2 g6 17. Rac1 Bg7 18. Nc5 Nxc5 19. Qxc5 Qd6 20. e3 Rfd8 21.
b4 Bd5 22. a3 Bb7 23. Qc2 Qb6 24. Nd2 Bxg2 25. Kxg2 e5 26. dxe5 Bxe5 27. Nf3
Rxd1 28. Rxd1 Bd6 29. Qe4 a5 30. Ng5 h6 31. Nf3 axb4 32. axb4 Qa6 33. Qh4 Kg7
34. Qd4+ Kg8 35. Qf6 Qa8 36. Qh4 Kh7 37. e4 Re8 38. Qf6 Kg8 39. Qh4 Kg7 40. Rd5
Qc6 41. Nd4 Qc4 42. Qg4 Qxb4 43. Nf5+ Kh7 44. Nxd6 cxd6 45. Qf3 Kg7 46. Qd3
Qxe4+ 47. Qxe4 Rxe4 48. Rxb5 Re6 49. Kf3 h5 50. h4 Kf6 51. Rd5 Ke7 52. Ra5 Re5
53. Ra4 Ke6 54. Ra1 d5 55. Ra6+ Kf5 56. Rd6 f6 57. Rd8 g5 58. hxg5 fxg5 59.
Rf8+ Ke6 60. Re8+ Kd6 61. Rd8+ Kc5 62. Rc8+ Kd4 63. Rc1 Rf5+ 64. Ke2 g4 65.
Rd1+ Kc3 66. Rc1+ Kb2 67. Rc5 Kb3 68. Rc8 Kb4 69. Rc7 d4 70. Kd3 Rxf2 71. Kxd4
Rf3 72. Rb7+ Ka3 73. Rh7 Rxg3 1/2-1/2

[Event "66. BEM 2012"]
[Site "Dortmund"]
[Date "2012.02.28"]
[Round "2.8"]
[White "Tekin, Baran"]
[Black "Hoppe, Dirk"]
[Result "0-1"]
[WhiteElo "1737"]
[BlackElo "1865"]
[Annotator "P. Schulenburg"]
[PlyCount "84"]
[EventDate "2012.??.??"]
[Source "SG Dortmund"]
[SourceDate "2004.12.16"]

1. d4 d5 2. Nf3 e6 3. c4 Nf6 4. Nc3 Nbd7 5. cxd5 exd5 6. Bg5 Bb4 7. e3 c5 8. a3
Bxc3+ 9. bxc3 Qa5 10. Qb3 Ne4 11. Rc1 O-O 12. Be2 Nb6 13. Be7 Re8 14. Bxc5 Nxc5
15. dxc5 Qxc5 16. O-O Bd7 17. c4 Rac8 18. Qb2 dxc4 19. Rfd1 c3 20. Qb4 Be6 21.
Bb5 Qxb4 22. axb4 Red8 23. Rxd8+ Rxd8 24. Nd4 Nd5 25. h4 a6 26. Bc4 Rc8 27. Bb3
Kf8 28. b5 Ke7 29. Bxd5 Bxd5 30. bxa6 bxa6 31. Ne2 c2 32. Nd4 Be4 33. Kf1 Rb8
34. Ke2 Rb1 35. Kd2 Rxc1 36. Kxc1 Bxg2 37. Kxc2 Kf6 38. f3 Kg6 39. e4 Kh5 40.
e5 g6 41. f4 Kxh4 42. f5 Be4+ 0-1

[Event "66. BEM 2012"]
[Site "Dortmund"]
[Date "2012.02.28"]
[Round "2.9"]
[White "Gitschel, Ralf"]
[Black "Schulz-Runge, Michael"]
[Result "0-1"]
[WhiteElo "1860"]
[BlackElo "1732"]
[Annotator "P. Schulenburg"]
[PlyCount "40"]
[EventDate "2012.??.??"]
[Source "SG Dortmund"]
[SourceDate "2004.12.16"]

1. e4 e5 2. Nf3 d5 3. Nxe5 Bd6 4. d4 dxe4 5. Nc4 Nf6 6. Be2 Nc6 7. Ne3 O-O 8.
c3 Ne7 9. Nd2 Ng6 10. O-O Nf4 11. Nec4 Nxe2+ 12. Qxe2 Bxh2+ 13. Kh1 (13. Kxh2
$142 Ng4+ 14. Kg3 f5 $13) 13... Ng4 14. g3 Qg5 15. f3 Bxg3 16. fxg4 Qh4+ 17.
Kg1 Bxg4 18. Qg2 f5 19. Qh1 Bh3 20. Rd1 Bf2+ 0-1

[Event "66. BEM 2012"]
[Site "Dortmund"]
[Date "2012.02.28"]
[Round "2.10"]
[White "Hlopotov, Oleg"]
[Black "Zachos, Ingo"]
[Result "0-1"]
[WhiteElo "1701"]
[BlackElo "1851"]
[Annotator "P. Schulenburg"]
[PlyCount "102"]
[EventDate "2012.??.??"]
[Source "SG Dortmund"]
[SourceDate "2004.12.16"]

1. e4 d6 2. d4 Nf6 3. Nc3 g6 4. Nf3 Bg7 5. Bf4 O-O 6. Bc4 c5 7. e5 Nh5 8. Bg5
cxd4 9. Nd5 Nc6 10. Nxd4 Qa5+ 11. b4 Nxb4 12. Bd2 Qc5 13. Bxb4 Qxc4 14. Nxe7+
Kh8 15. Bxd6 Nf4 16. Rg1 Qc3+ 17. Kf1 Bd7 18. Rb1 Qc4+ 19. Ke1 Qc3+ 20. Qd2
Qxd2+ 21. Kxd2 b6 22. Ne2 Bh6 23. Nxf4 Bxf4+ 24. Ke2 Be6 25. Rb4 Bh6 26. g4
Rfe8 27. f4 Bf8 28. f5 Bxe7 29. Bxe7 Rxe7 30. fxe6 Rxe6 31. Re4 Rae8 32. Kd3
Rxe5 33. Rge1 Rxe4 34. Rxe4 Rxe4 35. Kxe4 Kg7 36. Ke5 h6 37. h4 b5 38. a3 f6+
39. Ke6 h5 40. gxh5 gxh5 41. Kd5 Kf7 42. Kc5 a6 43. Kd5 Ke7 44. c3 Kd7 45. Ke4
Ke6 46. Kf4 f5 47. Kg5 Ke5 48. Kxh5 f4 $2 ({Ungenauigkeiten wie der letzte Zug
des Schwarzen gehoeren eigentlich bestraft. Korrekt war natuerlich} 48... Kf6
$1 {mit Zugzwang! Ein endspieltaktisches Motiv, das nicht selten auftaucht und
das man kennen sollte.}) 49. Kg4 Ke4 50. h5 f3 51. Kg3 Ke3 {und Weiss gab auf.}
({Auf} 51... Ke3 {folgt} 52. h6 f2 53. h7 f1=Q 54. h8=Q Qg1+ 55. Kh4 Qh2+ {
und die neugeborene weisse Dame ginge sofort verloren.}) 0-1

[Event "66. BEM 2012"]
[Site "Dortmund"]
[Date "2012.02.28"]
[Round "2.11"]
[White "Lauche, Christoph"]
[Black "Ziemek, Gerhard"]
[Result "1-0"]
[WhiteElo "1841"]
[BlackElo "1669"]
[Annotator "P. Schulenburg"]
[PlyCount "73"]
[EventDate "2012.??.??"]
[Source "SG Dortmund"]
[SourceDate "2004.12.16"]

1. e4 e5 2. f4 Nc6 3. Nf3 exf4 4. d4 d6 5. Bxf4 Be7 6. Qd2 Nf6 7. Nc3 a6 8. Bd3
b5 9. O-O O-O 10. Rad1 Bg4 11. e5 dxe5 12. dxe5 Nh5 13. Qe3 Qe8 14. Nd5 Bd8 15.
Rde1 Be6 16. Qe4 g6 17. Ne3 Be7 18. Bg5 f6 19. exf6 Bc5 20. Kh1 Nxf6 21. Qh4
Nh5 22. Ng4 Qd7 23. Nf6+ Nxf6 24. Bxf6 Rae8 25. Bxg6 Rxf6 26. Qxf6 hxg6 27.
Qxg6+ Kh8 28. Re4 Re7 29. Ng5 Bf5 30. Rh4+ Rh7 31. Rxh7+ Qxh7 32. Qf6+ Qg7 33.
Qxf5 Bd6 34. Qh3+ Kg8 35. Qe6+ Kh8 36. Rf7 Qxg5 37. Qh3+ 1-0

[Event "66. BEM 2012"]
[Site "Dortmund"]
[Date "2012.02.28"]
[Round "2.12"]
[White "Raskin, Vitali"]
[Black "Vojdani, Bahram"]
[Result "0-1"]
[WhiteElo "1667"]
[BlackElo "1664"]
[Annotator "P. Schulenburg"]
[PlyCount "112"]
[EventDate "2012.??.??"]
[Source "SG Dortmund"]
[SourceDate "2004.12.16"]

1. d4 Nf6 2. c4 e6 3. Nf3 d5 4. Nc3 Bb4 5. a3 Bxc3+ 6. bxc3 O-O 7. e3 c6 8. Bd3
b6 9. O-O Ba6 10. Ne5 Nfd7 11. Nxd7 Nxd7 12. cxd5 Bxd3 13. Qxd3 cxd5 14. e4
dxe4 15. Qxe4 Rc8 16. Qf3 Nf6 17. Bg5 Qd5 18. Bxf6 Qxf3 19. gxf3 gxf6 20. Rac1
Rc4 21. Rfe1 Rfc8 22. Re3 Rxd4 23. Rb1 Rdc4 24. Rb3 R8c5 25. Kf1 f5 26. Rd3 Ra4
27. Rd4 Rca5 28. Rxa4 Rxa4 29. Kg2 Kg7 30. Kg3 e5 31. Kg2 Kg6 32. Kf1 Kg5 33.
Kg2 h5 34. h3 h4 35. Kf1 e4 36. Ke2 Kf4 37. fxe4 fxe4 38. Kf1 Rc4 39. Ke2 f6
40. Kf1 Kf3 41. Kg1 f5 42. Kf1 f4 43. Kg1 Ke2 44. Rb2+ Kd3 45. Rb5 Rc5 46. Rb4
Rxc3 47. a4 Rc1+ 48. Kh2 Rc4 49. Rb3+ Ke2 50. Rb2+ Kf3 51. Ra2 Rc5 52. Kg1 Rc1+
53. Kh2 e3 54. fxe3 fxe3 55. Ra3 Kf2 56. Ra2+ e2 0-1

[Event "66. BEM 2012"]
[Site "Dortmund"]
[Date "2012.02.28"]
[Round "2.13"]
[White "Reinacher, Detlev"]
[Black "Heselmeyer, Wolfgang"]
[Result "1-0"]
[WhiteElo "1650"]
[BlackElo "1349"]
[Annotator "P. Schulenburg"]
[PlyCount "63"]
[EventDate "2012.??.??"]
[Source "SG Dortmund"]
[SourceDate "2004.12.16"]

1. Nf3 d5 2. g3 c6 3. Bg2 e6 4. d3 Be7 5. c3 Nf6 6. Nbd2 O-O 7. O-O a5 8. Qc2
h6 9. b3 Nbd7 10. Bb2 b5 11. a3 Qb6 12. e4 dxe4 13. dxe4 Rb8 14. Rab1 Ba6 15.
c4 b4 16. a4 Bc5 17. e5 Ne8 18. Ne4 Be7 19. Rfd1 Rd8 20. Rbc1 c5 21. Rd2 Bb7
22. Rcd1 Bc6 23. Ne1 f5 24. Nd6 Bxg2 25. Nxg2 Nxd6 26. exd6 Bf6 27. Nf4 Rde8
28. Ng6 Rf7 29. Bxf6 Rxf6 30. Ne7+ Kh7 31. Re2 g6 32. Nd5 1-0

[Event "66. BEM 2012"]
[Site "Dortmund"]
[Date "2012.02.28"]
[Round "2.14"]
[White "Jentzsch, Werner Wilfried"]
[Black "Gegner, Michael"]
[Result "0-1"]
[WhiteElo "1317"]
[BlackElo "1613"]
[Annotator "P. Schulenburg"]
[PlyCount "68"]
[EventDate "2012.??.??"]
[Source "SG Dortmund"]
[SourceDate "2004.12.16"]

1. d4 Nf6 2. Nc3 e6 3. e4 d5 4. e5 Nfd7 5. Nf3 c5 6. Bg5 Be7 7. Bxe7 Qxe7 8.
dxc5 Nxc5 9. Bb5+ Nc6 10. Nd4 Bd7 11. Nxc6 bxc6 12. Bd3 Qg5 13. O-O Qxe5 14.
Re1 Qf6 15. Rb1 Nb7 16. Re3 Qe7 17. Rg3 g6 18. Qd2 Nd6 19. Re1 O-O-O 20. Ba6+
Kb8 21. Rg4 Bc8 22. Rb4+ Ka8 23. Ra4 Bxa6 24. Rxa6 Nc4 25. Qf4 Qb7 26. Ra4 e5
27. Qh4 h5 28. b3 Nb6 29. Rb4 a5 30. Rxb6 Qxb6 31. Rxe5 Rhe8 32. Rxe8 Rxe8 33.
h3 Qc7 34. Kf1 Qe5 0-1

[Event "66. BEM 2012"]
[Site "Dortmund"]
[Date "2012.02.28"]
[Round "2.15"]
[White "Milonas, Georgios"]
[Black "Koch, Detlev"]
[Result "1-0"]
[WhiteElo "1583"]
[BlackElo "1341"]
[Annotator "P. Schulenburg"]
[PlyCount "67"]
[EventDate "2012.??.??"]
[Source "SG Dortmund"]
[SourceDate "2004.12.16"]

1. e4 e5 2. Nf3 Nc6 3. Bb5 g6 4. O-O d6 5. d4 exd4 6. Nxd4 Bd7 7. Re1 Bg7 8.
Nxc6 bxc6 9. Bc4 Be6 10. Bd3 Ne7 11. Nd2 O-O 12. Nb3 a6 13. Qe2 Qc8 14. c3 c5
15. Bg5 f6 16. Bh4 Kh8 17. f4 Nc6 18. Bc4 Re8 19. Qd3 Bxc4 20. Qxc4 Qe6 21. Qd5
Na7 22. Qb7 Qc8 23. Qd5 Qe6 24. Qd2 Qf7 25. Re2 Nc6 26. Rae1 a5 27. Qd5 Qd7 28.
Nxc5 Qe7 29. Qxc6 dxc5 30. e5 g5 31. exf6 Qxf6 32. Qxf6 Rxe2 33. Qxg5 Rxe1+ 34.
Bxe1 1-0

[Event "66. BEM 2012"]
[Site "Dortmund"]
[Date "2012.02.28"]
[Round "2.16"]
[White "Wangrin, Stefan A"]
[Black "Duschek, Günter"]
[Result "1/2-1/2"]
[WhiteElo "1165"]
[BlackElo "1580"]
[Annotator "P. Schulenburg"]
[PlyCount "69"]
[EventDate "2012.??.??"]
[Source "SG Dortmund"]
[SourceDate "2004.12.16"]

1. c4 Nf6 2. Nc3 c6 3. e4 e5 4. d3 Be7 5. Nf3 d6 6. Be2 Bg4 7. Nh4 Be6 8. Bg5
h6 9. Bxf6 Bxf6 10. Nf5 Qd7 11. Ne3 Na6 12. Bg4 O-O 13. Bf5 Bg5 14. Qg4 Nc5 15.
O-O-O a5 16. a4 Nb3+ 17. Kb1 {(=)} 17... Nd4 18. Rhf1 Rab8 19. g3 g6 20. Bxe6
Qxe6 21. Qxe6 fxe6 22. h4 Be7 23. f4 exf4 24. gxf4 Bxh4 25. Rg1 Kh7 26. Rg4 Bf6
27. f5 exf5 28. exf5 gxf5 29. Rf4 Be5 30. Rh4 Nf3 31. Rh5 Ng5 32. Rdh1 Kg7 33.
Rxh6 Rf6 34. R6h5 Kg6 35. Rh6+ {(=)} 1/2-1/2

[Event "66. BEM 2012"]
[Site "Dortmund"]
[Date "2012.02.28"]
[Round "2.17"]
[White "Benke, Werner"]
[Black "Krüger, Inge"]
[Result "1-0"]
[WhiteElo "1518"]
[BlackElo "1303"]
[Annotator "P. Schulenburg"]
[PlyCount "95"]
[EventDate "2012.??.??"]
[Source "SG Dortmund"]
[SourceDate "2004.12.16"]

1. d4 d5 2. Nf3 Nf6 3. c4 e6 4. Nc3 Be7 5. Bf4 O-O 6. e3 Nbd7 7. Nb5 Bb4+ 8.
Nc3 Nb6 9. c5 Nc4 10. Bxc4 dxc4 11. Qc2 Nd5 12. Bg3 Bd7 13. O-O c6 14. Ne2 Ba5
15. Qxc4 Bc7 16. a3 Bxg3 17. Nxg3 b6 18. b4 b5 19. Qb3 a5 20. e4 a4 21. Qc2 Ne7
22. Ne5 Be8 23. Rad1 f6 24. Nf3 Ng6 25. Qd2 Bf7 26. Rfe1 Qc7 27. Ne2 Rad8 28.
Qe3 e5 29. dxe5 Rxd1 30. Rxd1 Bb3 31. Rd6 Nxe5 32. Nxe5 fxe5 33. Qd2 Re8 34.
Rd7 Qc8 35. Rd6 Bf7 36. h3 h6 37. Ng3 Kh7 38. f3 Bg6 39. Qd3 Rf8 40. Qc3 Re8
41. Qd3 Rf8 42. Kh2 Re8 43. Rd7 Rf8 44. Nf5 Bf7 45. Qd6 g6 46. Ne7 Qe8 47. Nxg6
Rg8 48. Nxe5 1-0

[Event "66. BEM 2012"]
[Site "Dortmund"]
[Date "2012.02.28"]
[Round "2.18"]
[White "Dirks, Rainer"]
[Black "Vogt, Christian"]
[Result "0-1"]
[WhiteElo "1120"]
[BlackElo "1499"]
[Annotator "P. Schulenburg"]
[PlyCount "86"]
[EventDate "2012.??.??"]
[Source "SG Dortmund"]
[SourceDate "2004.12.16"]

1. e4 g6 2. Nf3 Bg7 3. Bc4 c6 4. Ng5 d5 5. Qf3 Be6 6. exd5 cxd5 7. Bb5+ Nc6 8.
O-O Nf6 9. Nxe6 fxe6 10. Re1 O-O 11. Bxc6 bxc6 12. Qh3 Qb6 13. Qxe6+ Kh8 14.
Qe3 Ng4 15. Qxb6 axb6 16. f3 Bd4+ 17. Kh1 Nf2+ 18. Kg1 Nd3+ 19. Kf1 Nxe1 20.
Kxe1 Be5 21. h3 Bg3+ 22. Ke2 Rf6 23. b3 Re6+ 24. Kd3 Be5 25. c3 Bd6 26. Bb2 Kg8
27. b4 Re1 28. c4 Bxb4 29. Nc3 Rxa1 30. Bxa1 Bxc3 31. Bxc3 Rxa2 32. cxd5 cxd5
33. Kd4 e6 34. g4 Kf7 35. f4 Ra4+ 36. Ke5 Re4+ 37. Kd6 Rxf4 38. Kc6 Rf3 39. h4
Rf4 40. h5 Rxg4 41. hxg6+ Kxg6 42. Kxb6 Rc4 43. Kb5 Rxc3 0-1

[Event "66. BEM 2012"]
[Site "Dortmund"]
[Date "2012.02.28"]
[Round "2.19"]
[White "Gennat, Egon L"]
[Black "Skoecz, Horst"]
[Result "1-0"]
[WhiteElo "1490"]
[BlackElo "1164"]
[Annotator "P. Schulenburg"]
[PlyCount "73"]
[EventDate "2012.??.??"]
[Source "SG Dortmund"]
[SourceDate "2004.12.16"]

1. Nf3 Nf6 2. d4 e6 3. c4 Nc6 4. Nc3 a6 5. e4 Bb4 6. Bd3 d5 7. cxd5 exd5 8. e5
Ne4 9. Qc2 Bg4 10. Bxe4 dxe4 11. Bg5 Qc8 12. Qxe4 Bxf3 13. gxf3 Bxc3+ 14. bxc3
h6 15. Bh4 Ne7 16. Bxe7 Kxe7 17. Qg4 g5 18. Ke2 b5 19. h4 Qxg4 20. fxg4 gxh4
21. Rxh4 Ke6 22. Rah1 c5 23. Rxh6+ Rxh6 24. Rxh6+ Kd5 25. Kd3 cxd4 26. cxd4 Rd8
27. Rxa6 b4 28. Rb6 Rd7 29. Rxb4 Kc6 30. Ke4 Ra7 31. a4 Kc7 32. f4 Kc6 33. f5
Kd7 34. Rc4 Ke7 35. g5 Kd7 36. g6 fxg6 37. fxg6 1-0

[Event "66. BEM 2012"]
[Site "Dortmund"]
[Date "2012.02.28"]
[Round "2.20"]
[White "Schmidt, Andreas N"]
[Black "Hlopotov, Nikita"]
[Result "1-0"]
[WhiteElo "792"]
[BlackElo "1405"]
[Annotator "P. Schulenburg"]
[PlyCount "31"]
[EventDate "2012.??.??"]
[Source "SG Dortmund"]
[SourceDate "2004.12.16"]

1. e4 e5 2. d4 exd4 3. c3 dxc3 4. Bc4 d6 5. Ne2 Be6 6. Bxe6 fxe6 7. Nbxc3 Nc6
8. O-O Nf6 9. Bg5 Be7 10. Nf4 Qd7 11. Qb3 h6 12. Bxf6 gxf6 13. Nxe6 Na5 14. Qd5
c6 15. Qf5 (15. Qh5#) 15... Rg8 16. Qh5+ 1-0

[Event "66. BEM 2012"]
[Site "Dortmund"]
[Date "2012.02.28"]
[Round "2.21"]
[White "Siwy, Boguslaw"]
[Black "Böckmann, Lieselotte"]
[Result "1-0"]
[WhiteElo "1403"]
[BlackElo "930"]
[Annotator "P. Schulenburg"]
[PlyCount "53"]
[EventDate "2012.??.??"]
[Source "SG Dortmund"]
[SourceDate "2004.12.16"]

1. e4 e6 2. d4 d5 3. e5 c5 4. c3 Bd7 5. Nf3 Qc7 6. Be3 Nc6 7. Nbd2 Nge7 8. Bd3
h6 9. O-O g6 10. dxc5 O-O-O 11. b4 Nf5 12. Bxf5 exf5 13. b5 Qb8 14. bxc6 Bxc6
15. Nd4 Qxe5 16. Nxc6 bxc6 17. Bd4 Qc7 18. Bxh8 Bxc5 19. Bd4 Bd6 20. Nf3 c5 21.
Bf6 Rd7 22. Rb1 g5 23. Re1 Be7 24. Rxe7 Rxe7 25. Bxe7 Qxe7 26. Qxd5 Qc7 27.
Qa8+ 1-0

[Event "66. BEM 2012"]
[Site "Dortmund"]
[Date "2012.02.28"]
[Round "2.22"]
[White "Reker, Gerhard"]
[Black "Grawe, Herbert"]
[Result "0-1"]
[WhiteElo "756"]
[BlackElo "1385"]
[Annotator "P. Schulenburg"]
[PlyCount "50"]
[EventDate "2012.??.??"]
[Source "SG Dortmund"]
[SourceDate "2004.12.16"]

1. e4 Nc6 2. Nc3 e5 3. Nf3 a6 4. Bd3 Bc5 5. O-O d6 6. Nd5 Nh6 7. a3 O-O 8. Bc4
Na5 9. Ba2 Ba7 10. d3 Be6 11. Bxh6 gxh6 12. Nb4 c6 13. c3 Rc8 14. Re1 b5 15.
Qc1 Qf6 16. Nxa6 Kh8 17. Nb4 Rg8 18. Bxe6 fxe6 19. Qd1 Rg6 20. g3 Rcg8 21. Nh4
Qxh4 22. Qf3 Rf6 23. Qg2 Qh5 24. Kh1 Rxf2 25. Qg1 Qf3+ 0-1

[Event "66. BEM 2012"]
[Site "Dortmund"]
[Date "2012.03.01"]
[Round "3.1"]
[White "Zachos, Ingo"]
[Black "Schmittdiel, Eckhard"]
[Result "0-1"]
[WhiteElo "1851"]
[BlackElo "2408"]
[Annotator "P. Schulenburg"]
[PlyCount "88"]
[EventDate "2012.??.??"]
[Source "SG Dortmund"]
[SourceDate "2004.12.16"]

1. Nf3 c5 2. g3 b5 3. Bg2 Bb7 4. O-O Nf6 5. c3 e6 6. a4 b4 7. d4 Nc6 8. Nbd2 d5
9. dxc5 bxc3 10. bxc3 Bxc5 11. c4 O-O 12. cxd5 Qxd5 13. Nb3 Be7 14. Nfd4 Ne4
15. Bb2 Rfd8 16. Rc1 f5 17. Nb5 Rac8 18. Qxd5 exd5 19. Rfd1 g6 20. N5d4 Kf7 21.
a5 Nb4 22. Nf3 Ba6 23. Bf1 Bc4 24. Nbd2 Bb5 25. Ne5+ Ke8 26. Ndf3 Bc5 27. Bd4
Ba4 28. Re1 Nc2 29. e3 Nxe1 30. Rxe1 Ke7 31. Rb1 Rc7 32. Bd3 Bd6 33. a6 Nc5 34.
Bf1 Ne6 35. Ra1 Be8 36. Ra5 Bc5 37. Bb2 Bb4 38. Ra2 Bc3 39. Ba3+ Kf6 40. Nd3 d4
41. exd4 Nxd4 42. Nxd4 Bxd4 43. Bg2 Bf7 44. Rd2 Bc3 0-1

[Event "66. BEM 2012"]
[Site "Dortmund"]
[Date "2012.03.01"]
[Round "3.2"]
[White "Jelica, Mara"]
[Black "Lauche, Christoph"]
[Result "1-0"]
[WhiteElo "2221"]
[BlackElo "1841"]
[Annotator "P. Schulenburg"]
[PlyCount "103"]
[EventDate "2012.??.??"]
[Source "SG Dortmund"]
[SourceDate "2004.12.16"]

1. e4 c5 2. Nf3 Nc6 3. d4 cxd4 4. Nxd4 e5 5. Nb5 a6 6. Nd6+ Bxd6 7. Qxd6 Qf6 8.
Qd3 Nge7 9. Nc3 O-O 10. Be3 d5 11. Nxd5 Nxd5 12. exd5 Bf5 13. Qd2 Nd4 14. Bd3
Qg6 15. O-O-O Rac8 16. c3 Rfd8 17. Kb1 Nb5 18. Bxf5 Qxf5+ 19. Ka1 Nd6 20. Qd3
Qg4 21. Bb6 Rd7 22. g3 Nc4 23. h3 Qg6 24. Be3 Qd6 25. Rhe1 b5 26. b3 Na5 27.
Bc1 Rcd8 28. Qe4 f6 29. f4 exf4 30. Bxf4 Qa3 31. Qe6+ Kf8 32. d6 Qc5 33. Kb2
Nb7 34. Rd5 Qc8 35. Qf5 Kg8 36. Qe6+ Kf8 37. Qe4 Kg8 38. g4 Nc5 39. Qd4 Nb7 40.
Re7 Re8 41. Qe4 Rdxe7 42. dxe7 Kf7 43. Qxh7 Rxe7 44. g5 Re2+ 45. Bd2 Qe6 46.
Qd3 Ke8 47. gxf6 gxf6 48. Qg6+ Qf7 49. Qf5 Qe6 50. Qh5+ Kf8 51. Kc1 (51. Qh8+
$1) 51... Nd6 $4 52. Rxd6 $1 1-0

[Event "66. BEM 2012"]
[Site "Dortmund"]
[Date "2012.03.01"]
[Round "3.3"]
[White "Schwarz, Ingo"]
[Black "Kropp, Andreas"]
[Result "0-1"]
[WhiteElo "1784"]
[BlackElo "1940"]
[Annotator "P. Schulenburg"]
[PlyCount "68"]
[EventDate "2012.??.??"]
[Source "SG Dortmund"]
[SourceDate "2004.12.16"]

1. e4 c5 2. Bc4 a6 3. a4 Nc6 4. f4 e6 5. Nc3 d6 6. Nf3 Nf6 7. d3 d5 8. Bb3 Be7
9. e5 Nd7 10. O-O Rb8 11. Qe1 b5 12. axb5 axb5 13. Nxd5 exd5 14. Bxd5 Nb4 15.
Bxf7+ Kxf7 16. e6+ Kf8 17. exd7 Bxd7 18. Ra7 Nc6 19. Ra6 Bf6 20. Ne5 Qc8 21.
Qe4 Nxe5 22. Rxf6+ gxf6 23. fxe5 f5 24. Qh4 Qc6 25. Bh6+ Kf7 26. Bf4 Rbg8 27.
Bg3 h5 28. h3 Qg6 29. Kh2 Qg5 30. Qxg5 Rxg5 31. Bf4 Rg6 32. Be3 Rhg8 33. Rf2
Ke6 34. Bxc5 Bc6 0-1

[Event "66. BEM 2012"]
[Site "Dortmund"]
[Date "2012.03.01"]
[Round "3.4"]
[White "Hoppe, Dirk"]
[Black "Schulz-Runge, Michael"]
[Result "1-0"]
[WhiteElo "1865"]
[BlackElo "1732"]
[Annotator "P. Schulenburg"]
[PlyCount "57"]
[EventDate "2012.??.??"]
[Source "SG Dortmund"]
[SourceDate "2004.12.16"]

1. e4 e5 2. Nc3 Bc5 3. Nf3 d6 4. d4 exd4 5. Nxd4 Nf6 6. Bg5 c6 7. Nb3 Bb6 8.
Qd2 O-O 9. Be2 Re8 10. O-O-O Bc7 11. f4 Qe7 12. Bf3 Be6 13. h4 Nbd7 14. h5 Bxb3
15. axb3 a5 16. g4 a4 17. bxa4 Qe6 18. Bxf6 Nxf6 19. g5 Rxa4 20. Nxa4 Qa2 21.
Qb4 d5 22. e5 Ne4 23. Bxe4 dxe4 24. Qa3 Qc4 25. Qb3 Qxb3 26. cxb3 b5 27. Nc3 e3
28. Rhe1 Bb6 29. Ne4 1-0

[Event "66. BEM 2012"]
[Site "Dortmund"]
[Date "2012.03.01"]
[Round "3.5"]
[White "Begna, Bozidar"]
[Black "Simon, Thomas"]
[Result "1-0"]
[WhiteElo "2000"]
[BlackElo "1904"]
[Annotator "P. Schulenburg"]
[PlyCount "81"]
[EventDate "2012.??.??"]
[Source "SG Dortmund"]
[SourceDate "2004.12.16"]

1. g3 Nf6 2. Bg2 g6 3. e4 c5 4. c3 Nc6 5. d4 cxd4 6. cxd4 d5 7. e5 Ng4 8. Nc3
Be6 9. Nge2 Nh6 10. Qb3 Na5 11. Qb5+ Bd7 12. Qxd5 e6 13. Qe4 Bc6 14. d5 exd5
15. Nxd5 Bxd5 16. Qxd5 Qxd5 17. Bxd5 O-O-O 18. Nc3 Bb4 19. Bxb7+ Kxb7 20. Bxh6
Rhe8 21. Bg7 Nc4 22. a3 Bc5 23. O-O Nxe5 24. Rad1 Nf3+ 25. Kg2 Bd4 26. Bxd4
Nxd4 27. Rd3 Ne6 28. Rfd1 Kc6 29. b4 Rxd3 30. Rxd3 Nc7 31. a4 Re7 32. h4 h5 33.
Kf3 Re1 34. Ne4 Ne6 35. b5+ Kc7 36. Rc3+ Kd7 37. Rd3+ Kc7 38. Nc3 Kb6 39. Rd7
Rc1 40. Rd6+ Ka5 41. Ra6+ 1-0

[Event "66. BEM 2012"]
[Site "Dortmund"]
[Date "2012.03.01"]
[Round "3.6"]
[White "Schultz, Bernfried"]
[Black "Zelt, Jens"]
[Result "0-1"]
[WhiteElo "1739"]
[BlackElo "1993"]
[Annotator "P. Schulenburg"]
[PlyCount "58"]
[EventDate "2012.??.??"]
[Source "SG Dortmund"]
[SourceDate "2004.12.16"]

1. e4 d6 2. d4 c6 3. f4 g6 4. Nf3 Bg7 5. Bd3 a6 6. O-O b5 7. Be3 Nf6 8. Qd2 Ng4
9. Nc3 O-O 10. Rad1 Nxe3 11. Qxe3 Bb7 12. f5 Nd7 13. fxg6 hxg6 14. e5 c5 15. e6
cxd4 16. exf7+ Rxf7 17. Qe6 Nf8 18. Qh3 Bxf3 19. Rxf3 Rxf3 20. Qxf3 dxc3 21.
bxc3 e6 22. Rf1 Ra7 23. Qg4 Rf7 24. Rxf7 Kxf7 25. h4 Qb6+ 26. Kh1 Qc5 27. Qf3+
Kg8 28. Qb7 Qxc3 29. h5 Qe1+ 0-1